header

Hugh Trevor-Roper (Record no. 197712)

MARC details
000 -LEADER
fixed length control field 01412nam a2200337 a 4500
100 1# - MAIN ENTRY--AUTHOR NAME
Personal name Trevor-Roper, H. R.
245 10 - TITLE STATEMENT
Title Hugh Trevor-Roper
260 ## - PUBLICATION, DISTRIBUTION, ETC. (IMPRINT)
Place of publication London :
Name of publisher I.B. Tauris,
Year of publication 2012.
300 ## - PHYSICAL DESCRIPTION
Number of Pages xii, 322 p. :
Other physical details ill.
500 ## - GENERAL NOTE
General note Includes index.
650 #0 - SUBJECT ADDED ENTRY--TOPICAL TERM
Topical Term World War, 1939-1945
Topical Term World War, 1939-1945
700 1# - ADDED ENTRY--PERSONAL NAME
Personal name Davenport-Hines, R. P. T.
856 40 - ELECTRONIC LOCATION AND ACCESS
Uniform Resource Identifier http://site.ebrary.com/lib/rucke/Doc?id=10554346

No items available.

© 2026 Rongo University
Contact us: librarian | system librarian | Rongo university